000 00364nam a2200133Ia 4500
008 190216s9999||||xx |||||||||||||| ||und||
100 _a"Prof A.P. Krishnan,K.K.Asokan"
245 0 _aFunds Management In Banks And Insurence Companies
250 _aI
260 _bCalicut University Central Co-Operative
_c2006
300 _a318
650 _aCommerce
942 _cBK
999 _c8149
_d8149